00379 a2200097 4500001001000000005001700010008004100027245004300068100001900111773015100130ART_3915220260410161935.0260409a 10aMis clientes compran sólo por precio1 aBaños, Ariel0 tBoletin del Consejo Profesional de Ciencias Económicas de la Provincia de Santa Fe (camara segunda)g- Año XXVI, Nº 318 (feb. 2015)wREV25058